Quiz sur moi - Statistiques

Statistiques générales
  • Ce quiz a été pris 22 fois
  • Le résultat moyen est 4 sur 17
Statistiques - réponses
Hint Réponse % Correct
A quel âge ai-je commencé le tennis ? 4 ans
95%
Quelle taille fais-je ? 1m75
53%
Dans quels pays je rêve d'aller depuis toujours ? Pérou
32%
Nouvelle-Zélande
26%
Quelle est ma ville préférée en France ? Avrillé (quelle question)
21%
Quel était mon dessin animé préféré étant petit ? Les mystérieuses cités d'or
21%
Où suis-je né ? Neuilly-sur-Seine
21%
A quelle heure suis-je né ? 15h07
16%
Emmanuel
16%
Quel est mon animal préféré ? Le koala
16%
Dans quel village vais-je en vacances ? Ramerupt
16%
Comment s'appelle ma rue ? Rue des Nouvelles
16%
Samba
16%
Dans quelle ville était ma prepa ? Sceaux
16%
Quels sont mes 2emes prénoms ? Vincent
16%
Quel est le nom de mon école primaire ? École saint germain
11%
Comment s'appelaient mes deux chats ? Pinel
11%
Aucun quiz correspondant
Distribution des résultats
% des personnes avec chaque résultat
Percentile par nombre de réponses
Votre historique - résultats
Vous n’avez pas pris ce quiz